Responses for Show #8552 - Tuesday, January 11, 2022

Amy Schneider game 30.

Contestants

[<< previous game]

Brigid Hogan, a server from Ephraim, Wisconsin

Steve Chanderbhan, a philosophy professor from Lewiston, New York

Amy Schneider, an engineering manager from Oakland, California (whose 29-day cash winnings total $1,035,400)

[next game >>]

Jeopardy! Round responses

JOHN F. KENNEDY
STATE YOUR BUSINESS
(Ken: You'll have to name the state where you'd find these corporate headquarters.)
TV SHOWS WITH ONE-WORD TITLES
RUN, 4 "S", RUN
STARS
STRIPES
    $200 2
[Ken reads the quote imitating JFK.]

the Moon

Amy
    $200 13
(Amy: What is... Michigan?)

Minnesota

AmyBrigid
    $200 8
Entourage

Amy
    $200 1
scissors

Brigid
    $200 21
Leo

Amy
    $200 26
Waldo

Amy
    $400 4
[Ken reads the quote imitating JFK and Amy gives her response also in an imitative manner.]
(Ken: That's the phrase, yeah, and accent.)
[Laughter]

Ich bin ein Berliner

Amy
    $400 14
Georgia

Amy
    $400 9
Chopped

Amy
    $400 3
possession

Brigid
    $3,000 22
Hydra

Amy
    $400 27
8-ball

Amy
    $600 18
the Bay of Pigs

Amy
    $600 15
(Brigid: What is Indiana?)
(Steve: What is Iowa?)

Illinois

AmySteveBrigid
    $600 10
Wings

Amy
    $600 5
sunglasses

Amy
    $600 23
a supernova

Brigid
    $600 28
(Brigid: What is Red Stripe?)

Jamaica

AmyBrigid
    $800 19
PT-109

Triple Stumper
    $800 16
Arkansas

Brigid
    $800 11
Hacks

Triple Stumper
    $800 6
a seamstress

Steve
    $800 24
Polaris

Amy
    $800 29
Sousa

Amy
    $1000 20
McCarthy

Amy
    $1000 17
Colorado

Triple Stumper
    $1000 12
Heroes

Amy
    $1000 7
expressionless

Amy
    $1000 25
Orion

Amy
    $1000 30
melanin

Amy

Scores at the first commercial break (after clue 15):

Amy Steve Brigid
$5,200 $200 $200

Scores at the end of the Jeopardy! Round:

Amy Steve Brigid
$14,800 $200 $1,000

Double Jeopardy! Round responses

12-LETTER GEOGRAPHY
BOOK ALIKES
THE VICTORIAN ERA
"D-D-S"
(Ken: Each correct response will begin with "D", end with "S" and have another "D" somewhere in the middle.)
MOVIES BY ANTAGONIST
FALLING
    $400 1
Saskatchewan

Amy
    $400 13
All the President's Men

Amy
    $400 3
a Christmas tree

Amy
    $400 17
dreadlocks

Amy
    $400 8
Ferris Bueller's Day Off

Amy
    $400 26
(Brigid: What is premiere?)

drop

AmyBrigid
    $800 2
Beverly Hills

Triple Stumper
    $800 22
(George) Eliot

Steve
    $800 4
Ireland

Amy
    $800 18
Daedalus

Steve
    $800 9
Inglourious Basterds

Amy
    $800 27
(Ken: It's the top that falls first, so this is [*].)

to topple

Triple Stumper
    $1200 14
Port-au-Prince

Amy
    $1200 23
Anne Rice

Triple Stumper
    $6,000 5
rugby

Amy
    $2,500 19
the Dardanelles

Steve
    $1200 10
Whiplash

Amy
    $1200 28
keel over

Amy
    $1600 15
Santo Domingo

Steve
    $1600 24
Frances Hodgson Burnett

Amy
    $1600 6
steel

Amy
    $1600 20
[NOTE: Amy said it as "dip-LOW-DOCK-us" while Ken said it "DUH-plaa-DUH-kuhs".]

Diplodocus

Amy
    $1600 11
Mad Max: Fury Road

Amy
    $1600 29
(Amy: What is [**]?)
[Amy's response was ruled incorrect and she was credited with a correct response before the reveal of the Final Jeopardy! clue.]

a nosedive (tailspin)

AmySteve
    $2000 16
(Ken: That's a tough one, yes; very good.)

Yamoussoukro

Steve
    $2000 25
Go Home Again

Amy
    $2000 7
the Penny Black

Triple Stumper
    $2000 21
De Profundis

Amy
    $2000 12
(Ken: You got it and you kept Amy from running the category.)

Office Space

Brigid
    $2000 30
a poleax

Amy

Scores at the end of the Double Jeopardy! Round:

Amy Steve Brigid
$42,400 $9,500 $2,600
(lock game)

[wagering suggestions for these scores]

Final Jeopardy! Round responses

BROADWAY MUSICALS
(Ken: [To Amy] Oh, from Gypsy, I guess? The musicals--[*] Get Your Gun and [*].)
BrigidWhat is Mary?
$2,000
SteveWhat is Melissa
$500
AmyWhat is Rose?
$20,000
Annie

Final scores:

Amy Steve Brigid
$22,400 $9,000 $600
30-day champion: $1,057,800 2nd place: $2,000 3rd place: $1,000

Game dynamics:

Coryat scores:

Amy Steve Brigid
$35,000 $8,200 $2,600
41 R
(including 2 DDs),
1 W
7 R
(including 1 DD),
1 W
6 R,
3 W

Combined Coryat: $45,800

[game clues] [game scores] [suggest correction]

Game tape date: 2021-11-02
The J! Archive is created by fans, for fans. Scraping, republication, monetization, and malicious use prohibited; this site may use cookies and collect identifying information. See terms. The Jeopardy! game show and all elements thereof, including but not limited to copyright and trademark thereto, are the property of Jeopardy Productions, Inc. and are protected under law. This website is not affiliated with, sponsored by, or operated by Jeopardy Productions, Inc. Join the discussion at JBoard.tv.